Municipios de Salamanca en un mapa - Estadísticas

Estadísticas generales
  • Esta prueba ha sido intentada 127 veces
    105 desde el último reinicio
  • La puntuación promedio es 83 de 368
Respuestas en el mapa
Las respuestas están codificadas por una escala verde-roja en el mapa de la prueba según el % correcto abajo.
 
Estadísticas de respuestas
Respuesta % Correcto
Salamanca
97%
Ciudad Rodrigo
94%
Béjar
86%
Peñaranda de Bracamonte
80%
Santa Marta de Tormes
80%
Alba de Tormes
77%
Guijuelo
77%
Ledesma
77%
Vitigudino
77%
La Alberca
74%
Cabrerizos
63%
Castellanos de Moriscos
60%
Fuentes de Oñoro
57%
Miranda del Castañar
57%
Villamayor
57%
Villares de la Reina
54%
Aldeatejada
51%
Lumbrales
51%
Macotera
51%
Babilafuente
49%
Cantalpino
49%
Carbajosa de la Sagrada
49%
La Fuente de San esteban
49%
San Martín del Castañar
49%
Vecinos
49%
Cantalapiedra
46%
Doñinos de Salamanca
46%
Mogarraz
46%
Tamames
46%
Candelario
43%
Cepeda
43%
Hinojosa de Duero
43%
Moriscos
43%
Pedrosillo el Ralo
43%
Saucelle
43%
Villavieja de Yeltes
43%
Calvarrasa de Abajo
40%
Fuenteguinaldo
40%
Navasfrías
40%
Huerta
37%
Juzbado
37%
Saelices el Chico
37%
Sancti-Spiritus
37%
Villarino de los Aires
37%
Villoruela
37%
Aldeadávila de la Ribera
34%
Barruecopardo
34%
Buenamadre
34%
Calvarrasa de Arriba
34%
Castellanos de Villiquera
34%
El Cubo de Don Sancho
34%
El Maillo
34%
Encinas de Abajo
34%
La Fregeneda
34%
La Vellés
34%
Pedrosillo de los Aires
34%
Pelabravo
34%
Robleda
34%
San Felices de los Gallegos
34%
Topas
34%
Yecla de Yeltes
34%
Abusejo
31%
Alba de Yeltes
31%
Aldea del Obispo
31%
Arapiles
31%
Boada
31%
Cipérez
31%
Dios le Guarde
31%
Doñinos de Ledesma
31%
El Campo de Peñaranda
31%
El Payo
31%
Encinas de Arriba
31%
Espeja
31%
Gallegos de Argañán
31%
Garcirrey
31%
Linares de Riofrío
31%
Martín de Yeltes
31%
Puerto Seguro
31%
San Miguel de Valero
31%
Valero
31%
Villarmayor
31%
Villoria
31%
Agallas
29%
Aldeaseca de la Frontera
29%
Carpio de Azaba
29%
Casillas de Flores
29%
Garcibuey
29%
Ituero de Azaba
29%
La Encina
29%
Peñaparda
29%
Peralejos de Abajo
29%
Peralejos de Arriba
29%
Puebla de Azaba
29%
Retortillo
29%
San Esteban de la Sierra
29%
Terradillos
29%
Villar de Ciervo
29%
Villasrubias
29%
Ahigal de los Aceiteros
26%
Aldearrodrigo
26%
Bañobárez
26%
Calzada de Valdunciel
26%
Campillo de Azaba
26%
El Bodón
26%
El Sahugo
26%
Espino de la Orbada
26%
Golpejas
26%
La Alameda de Gardón
26%
La Alamedilla
26%
La Bouza
26%
Martiago
26%
Masueco
26%
Matilla de los Caños del Río
26%
Morasverdes
26%
Nava de Francia
26%
Pastores
26%
Puertas
26%
Puerto de Béjar
26%
Sequeros
26%
Serradilla del Arroyo
26%
Vega de Tirados
26%
Villar de Argañán
26%
Alaraz
23%
Aldearrubia
23%
Aldehuela de la Bóveda
23%
Aldehuela de Yeltes
23%
Buenavista
23%
Castillejo de Martín Viejo
23%
Castraz
23%
Cerralbo
23%
Escurial de la Sierra
23%
Florida de Liébana
23%
Galindo y Perahuy
23%
La Alberguería de Argañán
23%
La Atalaya
23%
Las Veguillas
23%
Monsagro
23%
Mozárbez
23%
Narros de Matalayegua
23%
Pelarrodríguez
23%
Pereña de la Ribera
23%
Puebla de Yeltes
23%
Rollán
23%
Serradilla del LLano
23%
Sotoserrano
23%
Tenebrón
23%
Trabanca
23%
Valdecarros
23%
Valdelosa
23%
Valverdón
23%
Villar de Gallimazo
23%
Villarmuerto
23%
Zamarra
23%
Aldealengua
20%
Almenara de Tormes
20%
Bermellar
20%
Cabeza del Caballo
20%
Cabrillas
20%
Calzada de Don Diego
20%
Cantaracillo
20%
Éjeme
20%
El Cabaco
20%
El Pedroso de la Armuña
20%
Espadaña
20%
Fuentes de Béjar
20%
Galinduste
20%
Garcihernández
20%
Herguijuela de Ciudad Rodrigo
20%
Herguijuela de la Sierra
20%
La Maya
20%
La Redonda
20%
Miranda de Azán
20%
Montemayor del Río
20%
Monterrubio de Armuña
20%
Olmedo de Camaces
20%
Palaciosrubios
20%
Peñarandilla
20%
San Cristóbal de la Cuesta
20%
Santibáñez de la Sierra
20%
Santiz
20%
Tejeda y Segoyuela
20%
Torresmenudas
20%
Valdunciel
20%
Ventosa del Río Almar
20%
Villaflores
20%
Villar de la Yegua
20%
Villares de Yeltes
20%
Villaseco de los Gamitos
20%
Zamayón
20%
Zorita de la Frontera
20%
Ahigal de Villarino
17%
Almendra
17%
Añover de Tormes
17%
Barbadillo
17%
Bogajo
17%
Bóveda del Río Almar
17%
Cantagallo
17%
Cordovilla
17%
El Arco
17%
Fuenteliante
17%
Fuenterroble de Salvatierra
17%
Gomecello
17%
Guadramiro
17%
La Orbada
17%
La Peña
17%
Ledrada
17%
Los Santos
17%
Machacón
17%
Moriñigo
17%
Nava de Béjar
17%
Negrilla de Palencia
17%
Palencia de Negrilla
17%
Parada de Rubiales
17%
Paradinas de San Juan
17%
Puente del Congosto
17%
Robliza de Cojos
17%
Salvatierra de Tormes
17%
Sando
17%
San Morales
17%
San Muñoz
17%
Santibáñez de Béjar
17%
Sepulcro-Hilario
17%
Sobradillo
17%
Tabera de Abajo
17%
Valdelacasa
17%
Valderrodrigo
17%
Villar de Peralonso
17%
Villasbuenas
17%
Vilvestre
17%
Aldeacipreste
14%
Aldeanueva de Figueroa
14%
Arabayona de Mógica
14%
Armenteros
14%
Barceo
14%
Berrocal de Salvatierra
14%
Carrascal de Barregas
14%
Carrascal del Obispo
14%
Coca de Alba
14%
El Manzano
14%
El Milano
14%
El Tejado
14%
Forfoleda
14%
Fresnedoso
14%
Fresno Alhándiga
14%
Madroñal
14%
Mancera de Abajo
14%
Martinamor
14%
Mieza
14%
Monforte de la Sierra
14%
Moronta
14%
Navacarros
14%
Palacios del Arzobispo
14%
Parada de Arriba
14%
Peromingo
14%
Poveda de las Cintas
14%
Rágama
14%
Sanchón de la Ribera
14%
Sanchotello
14%
San Pedro de Rozados
14%
Sorihuela
14%
Tardáguila
14%
Villanueva del Conde
14%
Villaseco de los Reyes
14%
Zarapicos
14%
Alconada
11%
Beleña
11%
Brincones
11%
Casafranca
11%
Cerezal de Peñahorcada
11%
Cespedosa de Tormes
11%
Colmenar de Montemayor
11%
Cristóbal
11%
El Cerro
11%
Endrinal
11%
Frades de la Sierra
11%
Guijo de Ávila
11%
Horcajo de Montemayor
11%
Horcajo Medianero
11%
Iruelos
11%
La Cabeza de Béjar
11%
La Calzada de Béjar
11%
Lagunilla
11%
La Hoya
11%
Larrodrigo
11%
La Sagrada
11%
La Vídola
11%
La Zarza de Pumareda
11%
Molinillo
11%
Monleón
11%
Montejo
11%
Morille
11%
Pajares de la Laguna
11%
Pedrosillo de Alba
11%
Peñacaballera
11%
Pinedas
11%
Pitiegua
11%
Pozos de Hinojo
11%
Puebla de San Medel
11%
Saldeana
11%
Salmoral
11%
San Pelayo de Guareña
11%
Santiago de la Puebla
11%
Sardón de los Frailes
11%
Sieteiglesias de Tormes
11%
Valdefuentes de Sangusín
11%
Valdehijaderos
11%
Valdelageve
11%
Vallejera de Riofrío
11%
Valsalabroso
11%
Valverde de Valdelacasa
11%
Villagonzalo de Tormes
11%
Villar de Samaniego
11%
Villasdardo
11%
Aldeanueva de la Sierra
9%
Aldeavieja de Tormes
9%
Arcediano
9%
berrocal de Huebra
9%
Canillas de Abajo
9%
El Pino de Tormes
9%
El Tornadizo
9%
Encina de San Silvestre
9%
Encinasola de los Comendadores
9%
Gajates
9%
La Bastida
9%
Las Casas del Conde
9%
La Tala
9%
Malpartida
9%
Navalmoral de Béjar
9%
Navarredonda de la Rinconada
9%
Pizarral
9%
Tarazona de Guareña
9%
Tordillos
9%
Villalba de los Llanos
9%
Aldeaseca de Alba
6%
Anaya de Alba
6%
Cabezabellosa de la Calzada
6%
Cereceda de la Sierra
6%
Cilleros de la Bastida
6%
Galisancho
6%
Gallegos de Solmirón
6%
Gejuelo del Barro
6%
Herguijuela del Campo
6%
La Mata de Ledesma
6%
La Rinconada de la Sierra
6%
La Sierpe
6%
Membribe de la Sierra
6%
Moniera
6%
Nava de Sotrobal
6%
Navales
6%
Navamorales
6%
Pedraza de Alba
6%
Pelayos
6%
Sanchón de la Sagrada
6%
San Miguel del Robledo
6%
San Pedro del Valle
6%
Santa María de Sando
6%
Tremedal de Tormes
6%
Valdemierque
6%
Villaverde de Guareña
6%
Barbalos
3%
Chagarcía Medianero
3%
Monterrubio de la Sierra
3%
No se encontraron pruebas coincidentes
Distribución de puntuación
Porcentaje de gente con cada puntuación
Porcentaje por número respondido
Historial de tus puntuaciones
No has intentado esta prueba desde el último reinicio